Regioni storiche italiane - Quiz n°2 - Statistics

Statistiche generali
  • Questo quiz è stato fatto 69 volte
  • Il punteggio medio è 7 su 8
Statistiche sulle risposte
Hint Risposta % Corretto
Posta all'estremo nord-est della penisola italiana, i confini sono rappresentati, in linea di massima, dal torrente Judrio e dal fiume Ausa, da Trieste, dall'Istria, dalle isole del Quarnaro e dalla città di Fiume, comprendendo dunque le terre poste fra Alpi e Prealpi Giulie, Carso, Alpi Dinariche e Alto Adriatico orientale (Golfo di Trieste e Golfo di Fiume). Venezia Giulia
95%
Regione storica e geografica dell'Italia settentrionale. Prende il nome dalla via ******, strada romana fatta costruire dal console Emilio Lepido negli anni 180 a.C. per collegare tra loro le città di Rimini e Piacenza, e coincide in buona parte alla successiva Regio VIII, una delle XI regioni augustee dell'Italia romana, che occupava una sezione rilevante dell’Italia settentrionale tra il Po, gli Appennini e il Mare Adriatico. Emilia
90%
Distretto storico-geografico dell'Italia meridionale corrispondente, sia pur con notevole approssimazione, al territorio dell'odierna provincia di Avellino Irpinia
90%
È formata oltre alle tre province di Ravenna, Forlì-Cesena e Rimini, anche una parte della città metropolitana di Bologna (il circondario di Imola), alcune aree della provincia di Pesaro e Urbino (nelle Marche), parte della città metropolitana di Firenze e alcuni territori della provincia di Arezzo compreso l'exclave di Ca' Raffaello (in Toscana) oltre alla intera Repubblica di San Marino. Romagna
89%
Territorio o sub-area geografica del basso Piemonte, situato tra le province di Cuneo e Asti costituito da un esteso sistema collinare, delimitato dal corso dei fiumi Tànaro, Belbo, Bòrmida di Millesimo e Bòrmida di Spigno e confinante con l'Astesana, il Monferrato (compreso il primo tratto della Bormida propriamente detta) e il Roero. Langhe
87%
È una regione storica italiana, suddivisa dal punto di vista amministrativo tra Liguria e Toscana, corrispondente grossomodo alla Val di Magra. Lunigiana
82%
Area storica-geografica territoriale della provincia di Pavia, nella Lombardia occidentale. È compresa tra il Sesia a occidente, il Po a occidente e a mezzogiorno, il Ticino a oriente e il Basso Novarese a settentrione. Lomellina
80%
È una regione storico-geografica dell'entroterra abruzzese, storicamente da considerarsi come la zona abitata in epoca antica dai *****, popolo italico stanziato dal I millennio a.C. nel territorio circostante il lago Fucino e nelle aree limitrofe. Marsica
80%
Nessun quiz corrispondente trovato
Distribuzione punteggi
Percentuale di utenti per punteggio
Percentile per numero di risposta
I tuoi punteggi nel tempo
Non hai fatto questo quiz